| 000 | 01430nam a22002297a 4500 | ||
|---|---|---|---|
| 005 | 20210325192735.0 | ||
| 008 | s2533 th tha d | ||
| 041 | _atha | ||
| 086 | _aธน01 3.1 33093 2533 | ||
| 110 | 0 | _aธนาคารแห่งประเทศไทย สาขาภาคตะวันออกเฉียงเหนือ | |
| 245 | 1 | 0 | _aสรุปภาวะเศรษฐกิจภาคตะวันออกเฉียงเหนือในครึ่งแรกของปี 2538 |
| 260 | 3 |
_bหน่วยวิชาการ ธนาคารแห่งประเทศไทย สาขาภาคตะวันออกเฉียงเหนือ, _c2533 |
|
| 300 |
_a1 เล่ม : _b ตาราง |
||
| 610 | _aธนาคารแห่งประเทศไทย สาขาภาคตะวันออกเฉียงเหนือ | ||
| 650 | 0 | 4 | _aไทย(ภาคตะวันออกเฉียงเหนือ) -- ภาวะเศรษฐกิจ -- 2533 |
| 650 | 0 | 4 | _aไทย(ภาคตะวันออกเฉียงเหนือ) -- ภาวะเศรษฐกิจ -- 2533 |
| 850 | _aNALT | ||
| 942 | _cGB | ||
| 997 |
_aคัดออก _n[ตึกวุฒิสภา] |
||
| 997 | _c000000000035149 | ||
| 998 | _aนางชวนพิชญ์ รัตนาไพบูลย์ | ||
| 999 |
_c35149 _d35149 |
||